| 000 | 01438nam a22003977a 4500 | ||
|---|---|---|---|
| 003 | CHAP | ||
| 005 | 20220329140841.0 | ||
| 008 | 971013s1967 r 00010 d | ||
| 010 | _a58607 | ||
| 011 | _a59579 | ||
| 035 | _a63738 | ||
| 040 | _cCHAP | ||
| 082 |
_a574.876 _bS83 |
||
| 100 | 0 | 0 |
_aSwanson, Carl P. _9110864 |
| 245 | _aCytogenetics | ||
| 260 |
_aEnglewood Cliffs. : _bPrentice-Hall, _c1967 |
||
| 300 |
_a194 p. _b: ilus. |
||
| 490 | _aFoundations of modern genetics series | ||
| 590 |
_aBATCH-UPD _b10 _c20130109 _lUCH01 _h2355 |
||
| 590 |
_aBATCH-UPD _b10 _c20130110 _lUCH01 _h0343 |
||
| 590 |
_aBATCH-UPD _b10 _c20130110 _lUCH01 _h2314 |
||
| 590 |
_aBATCH-UPD _b10 _c20130409 _lUCH01 _h1928 |
||
| 590 |
_aBATCH-UPD _b10 _c20130914 _lUCH01 _h0942 |
||
| 590 |
_aCONVERSION _b10 _c20130109 _lUCH01 _h1331 |
||
| 650 | 1 | 4 |
_aCitogenética. _923485 |
| 700 | 0 |
_aMerz, Timothy. _975049 |
|
| 700 | 0 |
_aYoung, William J. _9123241 |
|
| 830 | 0 |
_aFoundations of modern genetics series _942760 |
|
| 901 | _aBK | ||
| 942 | _cLIBRO | ||
| 949 |
_a574.876 S83 _bBC _cLIBRO _d33724000473831 _eLIBRO _fc.2 _h11612 _i63738 _si |
||
| 949 |
_a574.876 S83 _bBC _cLIBRO _d33724000474045 _eLIBRO _fc.5 _h12631 _i63738 _si |
||
| 949 |
_a574.876 S83 _bBC _cLIBRO _d33724000474052 _eLIBRO _h11611 _i63738 _si |
||
| 949 |
_a574.876 S83 _bBC _cLIBRO _d33724000474060 _eLIBRO _fc.4 _h11614 _i63738 _si |
||
| 949 |
_a574.876 S83 _bBC _cLIBRO _d33724000474078 _eLIBRO _fc.3 _h11613 _i63738 _si |
||
| 999 |
_c58607 _d58607 |
||